000
00249nam a2200109Ia 4500
008
200302s9999 xx 000 0 und d
100
_a
A W P Kettless
245
_a
Woodwork pattern Book
260
_b
Batsford, London
260
_c
2007
300
_a
239
999
_c
4495
_d
4495